| 000 | 01639nam0a2200337 i 4500 | ||
|---|---|---|---|
| 001 | RU\NLR\bibl\2067437 | ||
| 005 | 20260407074153.0 | ||
| 010 |
_a9785881613655 _9500 |
||
| 021 |
_aRU _b2013-58429 _94021 |
||
| 035 | _a(NLR Aleph) 002053869 | ||
| 090 |
_a4654460 _c4654460 |
||
| 100 | _a20130830d2013 k y0rusy50 ca | ||
| 101 | 0 | _arus | |
| 102 | _aRU | ||
| 105 | _aa ||||||||| | ||
| 200 | 1 |
_aСоциокультурные проблемы информатизации российского общества _eмонографический сборник _fФедер. агентство по образованию Рос. Федерации, Гос. образоват. учреждение высш. проф. образования Рос. хим.-технол. ун-т им. Д.И. Менделеева _g[под общ. ред. С.А. Губиной] |
|
| 210 |
_aМосква _cЭкслибрис-Пресс _d2013 |
||
| 215 |
_a255 с. _cил., цв. ил. _d20 |
||
| 320 | _aБиблиогр. в подстроч. примеч. | ||
| 606 |
_aИнформационное общество _92072954 _3RU\NLR\AUTH\661247815 |
||
| 686 | 1 | _aС550.57 | |
| 686 | 1 | _aС508.0 | |
| 686 | 1 | _aС550.10 | |
| 702 | 1 |
_aГубина _bС. А. _gСветлана Александровна _4340 |
|
| 712 | 0 | 2 |
_4570 _aРоссийский химико-технологический университет им. Д. И. Менделеева _9277911 _3RU\NLR\AUTH\883338 |
| 801 | 0 |
_aRU _bNLR _c20130830 _gRCR |
|
| 801 | 1 |
_aRU _bNLR _c20130830 |
|
| 942 | _cBOOK | ||
| 980 | _aNBR | ||